000 00314nam a22001457a 4500
008 210303b ||||| |||| 00| 0 eng d
020 _a9780132838634
041 _aeng
080 _29th
_a004
082 _a004
100 _a28
101 _aSHKI
245 _aTechnology in Action
_cEvans, A
942 _2udc
_cBK
999 _c55700
_d55700